书目信息 |
| 题名: |
今日宜逛园
|
|
| 作者: | 朱强 著 | |
| 分册: | ||
| 出版信息: | 北京 中国林业出版社 2019.08 |
|
| 页数: | 251页 | |
| 开本: | 26cm | |
| 丛书名: | ||
| 单 册: | ||
| 中图分类: | TU986.621 | |
| 科图分类: | ||
| 主题词: | 古典园林--gu dian yuan lin--园林设计--北京--图解 | |
| 电子资源: | ||
| ISBN: | 978-7-5219-0203-7 | |
| 000 | 01095nam0 2200229 450 | |
| 001 | 2046454180 | |
| 005 | 20201107125421.19 | |
| 010 | @a978-7-5219-0203-7@dCNY98.00 | |
| 100 | @a20191118d2019 em y0chiy50 ea | |
| 101 | 0 | @achi |
| 102 | @aCN@b110000 | |
| 105 | @aa z 000yy | |
| 200 | 1 | @a今日宜逛园@Ajin ri yi guang yuan@e图解皇家园林美学与生活@f朱强等著 |
| 210 | @a北京@c中国林业出版社@d2019.08 | |
| 215 | @a251页@c彩图@d26cm | |
| 330 | @a三山五园的历史犹如一条奔流不息的长河, 承载着北京城珍贵的历史记忆。从五园记盛、园居风尚、历史轨迹和发展展望四个角度讲述三山五园究竟是哪三座山、哪五座园, 它们在历史上是什么模样, 过去的皇室贵族和王公大臣们在这里从事着怎样的活动, 以及属于这片土地的文化基因究竟要如何表达和传承。本书专注于以三山五园为代表的北京皇家园林设计历史与理论, 深度剖析珍贵史料, 形成生动的图文解读。 | |
| 517 | 1 | @a图解皇家园林美学与生活@Atu jie huang jia yuan lin mei xue yu sheng huo |
| 606 | 0 | @a古典园林@Agu dian yuan lin@x园林设计@y北京@j图解 |
| 690 | @aTU986.621@v5 | |
| 701 | 0 | @a朱强@Azhu qiang@4著 |
| 801 | 0 | @aCN@b人天书店@c20201001 |
| 905 | @aZUCC@dTU986.621@eZ862 | |
| 今日宜逛园:图解皇家园林美学与生活/朱强等著.-北京:中国林业出版社,2019.08 |
| 251页:彩图;26cm |
| ISBN 978-7-5219-0203-7:CNY98.00 |
| 三山五园的历史犹如一条奔流不息的长河, 承载着北京城珍贵的历史记忆。从五园记盛、园居风尚、历史轨迹和发展展望四个角度讲述三山五园究竟是哪三座山、哪五座园, 它们在历史上是什么模样, 过去的皇室贵族和王公大臣们在这里从事着怎样的活动, 以及属于这片土地的文化基因究竟要如何表达和传承。本书专注于以三山五园为代表的北京皇家园林设计历史与理论, 深度剖析珍贵史料, 形成生动的图文解读。 |
| ● |
| 相关链接 |
|
|
|
正题名:今日宜逛园
索取号:TU986.621/Z862
 
预约/预借
| 序号 | 登录号 | 条形码 | 馆藏地/架位号 | 状态 | 备注 |
| 1 | 1485382 | 214853826 | 建筑库201/201建筑库 120排1列2层/ [索取号:TU986.621/Z862] | 在馆 | |
| 2 | 1485383 | 214853835 | 建筑库201/201建筑库 120排1列2层/ [索取号:TU986.621/Z862] | 在馆 |